[Event "HUN-ch U10/14 Girls"]
[Site "Buek"]
[Date "2023.06.25"]
[Round "9"]
[White "Balogh, Gerda"]
[Black "Hangyal, Anna"]
[Result "0-1"]
[WhiteElo "1531"]
[BlackElo "1372"]
[PlyCount "114"]
[EventDate "2023.06.17"]
[EventType "swiss"]
[EventRounds "9"]
[EventCountry "HUN"]
[SourceTitle "CBM 215 Extra"]
[Source "ChessBase"]
[SourceDate "2023.09.30"]
[SourceVersion "1"]
[SourceVersionDate "2023.09.30"]
[SourceQuality "1"]

1. e4 c5 2. Nf3 e6 3. d4 cxd4 4. Nxd4 Nf6 5. Nc3 Qb6 6. Nb3 Bb4 7. Bd3 d5 8. exd5 Nxd5 9. Bd2 Nxc3 10. bxc3 Bd6 11. 0-0 Nc6 12. Qg4 g6 13. Be3 Qc7 14. f4 e5 15. Qe2 Ne7 16. Rae1 Be6 17. Qd2 Nd5 18. f5 Nxe3 19. Rxe3 Bxb3 20. cxb3 Bc5 21. fxg6 hxg6 22. Bb5+ Ke7 23. Kh1 Bxe3 24. Qxe3 Rh5 25. Bc4 f6 26. Qd3 Rah8 27. h3 Qc6 28. Bd5 Qd7 29. Rf3 f5 30. Re3 Kf6 31. c4 f4 32. Rf3 g5 33. Kh2 g4 34. Qe4 gxf3 35. Qxf3 b6 36. Qd3 Rg8 37. Qf3 Rgg5 38. Qe2 Rh8 39. Qf1 Rg3 40. Bf3 Qf5 41. Bd5 e4 42. Bb7 e3 43. Bf3 Kg5 44. Be2 Qe4 45. Bf3 Rhxh3+ 46. gxh3 Qxf3 47. Qxf3 Rxf3 48. Kg2 Rf2+ 49. Kg1 Rxa2 50. Kf1 f3 51. Ke1 f2+ 52. Kf1 e2+ 53. Kxf2 Kh4 54. Ke1 Kg3 55. b4 Kf3 56. h4 Ke3 57. h5 Ra1# 0-1

[Event "HUN-ch U10/14 Girls"]
[Site "Buek"]
[Date "2023.06.23"]
[Round "7"]
[White "Illes Nagy, Nora"]
[Black "Balogh, Gerda"]
[Result "1-0"]
[WhiteElo "1486"]
[BlackElo "1507"]
[PlyCount "97"]
[EventDate "2023.06.17"]
[EventType "swiss"]
[EventRounds "9"]
[EventCountry "HUN"]
[SourceTitle "CBM 215 Extra"]
[Source "ChessBase"]
[SourceDate "2023.09.30"]
[SourceVersion "1"]
[SourceVersionDate "2023.09.30"]
[SourceQuality "1"]
[WhiteTeam "Hungary"]
[BlackTeam "Hungary"]
[WhiteTeamCountry "HUN"]
[BlackTeamCountry "HUN"]

1. d4 d5 2. c4 Nc6 3. Nc3 e5 4. cxd5 Nxd4 5. e3 Nf5 6. Bb5+ Bd7 7. Bxd7+ Qxd7 8. Nf3 Bd6 9. e4 Nfe7 10. h3 Ng6 11. Qb3 c6 12. Be3 Nf6 13. Rd1 0-0 14. Nd2 Nh4 15. 0-0 Ne8 16. Nc4 c5 17. Nxd6 Qxd6 18. Qxb7 Qg6 19. g3 Nf6 20. d6 Nh5 21. g4 f5 22. Nd5 Nf3+ 23. Kh1 Kh8 24. exf5 Qf7 25. Qxf7 Rxf7 26. gxh5 Rxf5 27. Ne7 Rxh5 28. Kg2 Nh4+ 29. Kg3 Rf8 30. f3 Ng6 31. Nxg6+ hxg6 32. d7 Rd8 33. Bxc5 Rf5 34. Be7 Rxd7 35. Rxd7 e4 36. Rd4 exf3 37. Rxf3 Rxf3+ 38. Kxf3 Kg8 39. b4 Kf7 40. Bc5 a6 41. a4 g5 42. b5 axb5 43. axb5 Kg6 44. b6 Kh5 45. b7 Kh6 46. b8Q Kg6 47. Qe8+ Kf6 48. Rd6+ Kf5 49. Qe4# 1-0

[Event "HUN-ch U10/14 Girls"]
[Site "Buek"]
[Date "2023.06.22"]
[Round "5"]
[White "Kiss, Inez"]
[Black "Balogh, Gerda"]
[Result "1/2-1/2"]
[WhiteElo "1599"]
[BlackElo "1531"]
[PlyCount "121"]
[EventDate "2023.06.17"]
[EventType "swiss"]
[EventRounds "9"]
[EventCountry "HUN"]
[SourceTitle "CBM 215 Extra"]
[Source "ChessBase"]
[SourceDate "2023.09.30"]
[SourceVersion "1"]
[SourceVersionDate "2023.09.30"]
[SourceQuality "1"]

1. e4 e5 2. Nf3 Nc6 3. Bc4 Nf6 4. d4 exd4 5. e5 d5 6. Bb5 Ne4 7. Nxd4 Bc5 8. Be3 0-0 9. Nxc6 bxc6 10. Bxc5 Nxc5 11. Bxc6 Rb8 12. Qxd5 Qe7 13. 0-0 Rxb2 14. Nc3 Rd8 15. Qf3 Ne6 16. Nd5 Qc5 17. c3 Kf8 18. Nb4 Rbd2 19. Ba4 a5 20. Nc6 Bb7 21. Qe3 Bxc6 22. Qxc5+ Nxc5 23. Bxc6 Nd3 24. f4 Rc2 25. Rad1 Ke7 26. Be4 Rxc3 27. Rf3 Nxe5 28. Rxc3 Rxd1+ 29. Kf2 Nd7 30. Rxc7 Kd8 31. Rc2 Nf6 32. Bf3 Ra1 33. Rb2 Nd7 34. Bd5 f6 35. Rb7 Rd1 36. Bg8 h6 37. Ra7 Rd2+ 38. Kf3 Rd3+ 39. Ke2 Ra3 40. Bb3 g5 41. f5 h5 42. Ra8+ Ke7 43. Kd2 Nc5 44. Bc4 Ne4+ 45. Ke1 Nc3 46. Ra7+ Ke8 47. Bf7+ Kf8 48. Bxh5 Rxa2 49. Rf7+ Kg8 50. Rc7 Ra3 51. Kd2 Ne4+ 52. Kc2 Nd6 53. Bg6 Ra2+ 54. Kd3 Rxg2 55. Rc6 Rg1 56. Kc2 Ne4 57. Kd3 Rg4 58. Rc8+ Kg7 59. Rc7+ Kf8 60. Rc8+ Kg7 61. Rc6 1/2-1/2

[Event "HUN-ch U10/14 Girls"]
[Site "Buek"]
[Date "2023.06.21"]
[Round "4"]
[White "Balogh, Gerda"]
[Black "Kincses, Emma"]
[Result "1-0"]
[WhiteElo "1531"]
[BlackElo "1172"]
[PlyCount "77"]
[EventDate "2023.06.17"]
[EventType "swiss"]
[EventRounds "9"]
[EventCountry "HUN"]
[SourceTitle "CBM 215 Extra"]
[Source "ChessBase"]
[SourceDate "2023.09.30"]
[SourceVersion "1"]
[SourceVersionDate "2023.09.30"]
[SourceQuality "1"]

1. e4 c5 2. Nf3 g6 3. d4 cxd4 4. Nxd4 Nc6 5. c4 Bg7 6. Be3 Nf6 7. Nc3 Qa5 8. Nb3 Qd8 9. Be2 d6 10. 0-0 0-0 11. f3 a6 12. Qd2 Qc7 13. Rac1 Qd8 14. Rfd1 Ne5 15. c5 Ne8 16. Nd5 Be6 17. cxd6 Nxd6 18. Nc7 Bxb3 19. axb3 Rc8 20. Bb6 Qd7 21. f4 Nc6 22. e5 Rxc7 23. Bxc7 Qxc7 24. exd6 exd6 25. Kh1 Qb6 26. Bc4 Bd4 27. Re1 Bc5 28. Re4 Na5 29. b4 Nxc4 30. Rcxc4 Bf2 31. f5 Rd8 32. Re2 d5 33. Rf4 Bg1 34. Rf1 Bd4 35. fxg6 hxg6 36. Re7 Rf8 37. Qf4 f6 38. Qh6 f5 39. Qh7# 1-0

[Event "HUN-ch U10/14 Girls"]
[Site "Buek"]
[Date "2023.06.20"]
[Round "3"]
[White "Wang, Luomeng"]
[Black "Balogh, Gerda"]
[Result "1-0"]
[WhiteElo "1488"]
[BlackElo "1531"]
[PlyCount "83"]
[EventDate "2023.06.17"]
[EventType "swiss"]
[EventRounds "9"]
[EventCountry "HUN"]
[SourceTitle "CBM 215 Extra"]
[Source "ChessBase"]
[SourceDate "2023.09.30"]
[SourceVersion "1"]
[SourceVersionDate "2023.09.30"]
[SourceQuality "1"]

1. d4 d5 2. c4 Nc6 3. Nf3 Bg4 4. cxd5 Bxf3 5. dxc6 Bxc6 6. Nc3 e6 7. e3 Qf6 8. Bb5 Ne7 9. 0-0 0-0-0 10. Bd2 e5 11. Bxc6 Nxc6 12. d5 Ne7 13. e4 Kb8 14. Rc1 Rc8 15. Qc2 Ng6 16. Nb5 Qb6 17. a4 c6 18. Be3 c5 19. b4 a6 20. bxc5 Qd8 21. Na3 f5 22. exf5 Nh4 23. Qe4 g5 24. Qxe5+ Ka8 25. Nc4 Bxc5 26. Bxc5 Rxc5 27. Nb6+ Qxb6 28. Qxh8+ Ka7 29. Qd4 Rc6 30. Qxb6+ Rxb6 31. Rc7 g4 32. f6 Rxf6 33. Rb1 Rb6 34. Rxb6 Kxb6 35. d6 Nf5 36. a5+ Kxa5 37. d7 b6 38. d8Q Ka4 39. Rc4+ Ka5 40. Rc5+ Ka4 41. Qxb6 Ka3 42. Ra5# 1-0

[Event "HUN-ch U10/14 Girls"]
[Site "Buek"]
[Date "2023.06.19"]
[Round "1"]
[White "Hangay, Lilla"]
[Black "Balogh, Gerda"]
[Result "0-1"]
[WhiteElo "1292"]
[BlackElo "1531"]
[PlyCount "96"]
[EventDate "2023.06.17"]
[EventType "swiss"]
[EventRounds "9"]
[EventCountry "HUN"]
[SourceTitle "CBM 215 Extra"]
[Source "ChessBase"]
[SourceDate "2023.09.30"]
[SourceVersion "1"]
[SourceVersionDate "2023.09.30"]
[SourceQuality "1"]

1. e4 e5 2. Nf3 Nc6 3. Nc3 Nf6 4. Bb5 Bb4 5. 0-0 0-0 6. d3 d6 7. Bg5 Ne7 8. Bxf6 gxf6 9. a3 Bxc3 10. bxc3 Kh8 11. Nd2 Rg8 12. Kh1 Ng6 13. g3 Bh3 14. Rg1 c6 15. Ba4 Qd7 16. Bb3 Rg7 17. Qf3 f5 18. exf5 Bxf5 19. Ne4 d5 20. Nd2 Rag8 21. c4 Ne7 22. Rae1 f6 23. Nf1 e4 24. dxe4 Bxe4 25. Rxe4 dxe4 26. Qxf6 Qf5 27. Qd4 c5 28. Qd2 Qf3+ 29. Rg2 Nf5 30. Ne3 Nh4 31. Kg1 Nxg2 32. Nxg2 Rf7 33. Nh4 Qf6 34. Ng2 Rgf8 35. Nf4 Qg5 36. Kf1 Qe5 37. c3 Re8 38. Qe3 Qf5 39. Bc2 Qg4 40. Qxc5 e3 41. Qd4+ Kg8 42. Qd5 e2+ 43. Ke1 Qg7 44. Nxe2 Qxc3+ 45. Kd1 Qa1+ 46. Kd2 Qf6 47. Kc1 Rxe2 48. Bxh7+ Kg7 0-1

[Event "Gyor Amateur op 21st"]
[Site "Gyor"]
[Date "2021.08.21"]
[Round "2"]
[White "Balogh, Gerda"]
[Black "Horvath, Reka"]
[Result "1-0"]
[WhiteElo "1411"]
[BlackElo "2069"]
[PlyCount "59"]
[EventDate "2021.08.21"]
[EventType "swiss"]
[EventRounds "5"]
[EventCountry "HUN"]
[SourceTitle "EXT 2024"]
[Source "ChessBase"]
[SourceDate "2023.10.10"]
[SourceVersion "1"]
[SourceVersionDate "2023.10.10"]
[SourceQuality "1"]

1. e4 e5 2. Nf3 d6 3. d4 exd4 4. Nxd4 Nf6 5. Nc3 g6 6. Bg5 Bg7 7. Bc4 c5 8. Nb3 Qc7 9. Bf4 0-0 10. Bxd6 Rd8 11. Bxc7 Rxd1+ 12. Rxd1 Nbd7 13. 0-0 b6 14. Nd5 Nxe4 15. Ne7+ Kf8 16. Nxc8 Rxc8 17. Rxd7 Bxb2 18. Rxf7+ Kg8 19. Re7+ Kf8 20. Rxe4 Rxc7 21. Rfe1 Rc8 22. Bb5 Kg7 23. Re7+ Kh6 24. Bd7 Rd8 25. Rf7 Bc3 26. Ree7 Kg5 27. Rxh7 Bf6 28. Ref7 a5 29. Nd2 Bc3 30. h4# 1-0

[Event "Budapest Rakosmente op 19th"]
[Site "Budapest"]
[Date "2021.07.02"]
[Round "2"]
[White "Balogh, Gerda"]
[Black "Horvath, Peter Gy"]
[Result "1-0"]
[WhiteElo "1406"]
[BlackElo "1146"]
[PlyCount "83"]
[EventDate "2021.07.01"]
[EventType "swiss"]
[EventRounds "6"]
[EventCountry "HUN"]
[SourceTitle "CBM 203 Extra"]
[Source "ChessBase"]
[SourceDate "2021.09.30"]
[SourceVersion "1"]
[SourceVersionDate "2021.09.30"]
[SourceQuality "1"]

1. d4 d5 2. c4 Nf6 3. cxd5 e6 4. dxe6 Bxe6 5. Nc3 Bb4 6. Bg5 Qd5 7. Bxf6 gxf6 8. Nf3 Bg4 9. e3 Qa5 10. Qb3 Be6 11. Bc4 Bxc3+ 12. bxc3 Bxc4 13. Qxc4 Nc6 14. 0-0 0-0-0 15. Qxf7 Qf5 16. Rfb1 Rhf8 17. Qb3 Na5 18. Qb4 b6 19. c4 Nc6 20. Qa4 Na5 21. c5 Rd5 22. cxb6 axb6 23. Qb4 Rg8 24. Nh4 Qe4 25. g3 Qxh4 26. Rc1 Qe4 27. Qxb6 Qe7 28. Qa6+ Kd7 29. Qa7 Qd6 30. e4 Rb5 31. a4 Qb6 32. Rxc7+ Qxc7 33. Qxc7+ Kxc7 34. axb5 Kb6 35. Rb1 Nc4 36. Rb4 Nd2 37. d5 Re8 38. d6 Kc5 39. Rb2 Nxe4 40. d7 Rd8 41. b6 Rxd7 42. b7 1-0

[Event "Budapest Rakosmente op 19th"]
[Site "Budapest"]
[Date "2021.07.01"]
[Round "1"]
[White "Toth, Nikoletta"]
[Black "Balogh, Gerda"]
[Result "1-0"]
[WhiteElo "1966"]
[BlackElo "1406"]
[PlyCount "41"]
[EventDate "2021.07.01"]
[EventType "swiss"]
[EventRounds "6"]
[EventCountry "HUN"]
[SourceTitle "CBM 203 Extra"]
[Source "ChessBase"]
[SourceDate "2021.09.30"]
[SourceVersion "1"]
[SourceVersionDate "2021.09.30"]
[SourceQuality "1"]

1. Nf3 d5 2. g3 c5 3. Bg2 Nc6 4. d4 Nf6 5. 0-0 Bf5 6. c4 e6 7. cxd5 exd5 8. Nc3 h6 9. Bf4 Be6 10. Rc1 c4 11. Ne5 Rc8 12. e4 Ne7 13. Qa4+ Nc6 14. exd5 Nxd5 15. Nxd5 Bxd5 16. Bxd5 Qxd5 17. Nxc6 Rxc6 18. Rfe1+ Be7 19. Qxa7 Qd7 20. d5 Qxd5 21. Rcd1 1-0